Forbes - 100 Best Cities - Statistics

General Stats
  • This quiz has been taken 183 times
  • The average score is 60 of 100
Answer Stats
# City % Correct
3 New York City
96%
1 London
95%
2 Paris
95%
4 Tokyo
94%
14 Berlin
93%
15 Los Angeles
91%
13 Madrid
89%
11 Rome
88%
54 Miami
86%
8 Barcelona
85%
35 Sydney
84%
44 Oslo
82%
7 San Francisco
81%
16 Chicago
80%
63 Rio de Janeiro
80%
29 Stockholm
80%
9 Amsterdam
79%
18 Beijing
78%
23 Toronto
78%
22 Milan
77%
30 Munich
77%
66 Houston
76%
34 Seattle
76%
62 Shanghai
76%
21 Vienna
76%
41 Copenhagen
75%
53 Helsinki
75%
32 Lisbon
75%
10 Seoul
75%
31 Melbourne
74%
46 Hong Kong
73%
76 Mexico City
73%
17 Washington DC
73%
24 Boston
72%
37 Brussels
72%
6 Dubai
72%
20 Dublin
72%
27 Sao Paulo
72%
5 Singapore
72%
50 Vancouver
71%
73 Dallas
70%
12 Prague
69%
39 Bangkok
68%
55 Buenos Aires
68%
33 Zurich
68%
48 Athens
67%
45 Osaka
67%
19 Istanbul
65%
60 Montreal
65%
40 Warsaw
65%
68 Philadelphia
64%
49 Frankfurt
63%
72 Manchester
63%
56 Hamburg
60%
65 Atlanta
59%
26 Budapest
59%
78 Lyon
59%
57 Brisbane
58%
51 San Diego
58%
70 Denver
57%
61 Glasgow
57%
69 Naples
57%
84 Santiago
57%
64 Auckland
56%
74 Liverpool
56%
42 Taipei
54%
85 Birmingham
52%
43 Austin
50%
59 Las Vegas
50%
52 Orlando
50%
25 Abu Dhabi
48%
79 Portland
48%
90 Ottawa
47%
28 Riyadh
46%
80 Rotterdam
46%
81 Bogota
44%
87 Bucharest
44%
36 Doha
43%
83 Valencia
42%
91 Cologne
41%
38 San Jose
39%
47 Tel Aviv
38%
92 Charlotte
37%
96 Hanoi
37%
94 Nagoya
36%
82 Krakow
35%
100 Baltimore
33%
88 Leeds
33%
75 Minneapolis
33%
86 New Orleans
33%
67 Busan
32%
93 Calgary
30%
71 Nashville
28%
95 Dusseldorf
26%
98 Sapporo
26%
58 Kuwait City
23%
97 Gothenburg
22%
99 Bilbao
18%
77 Minsk
11%
89 Muscat
11%
No matching quizzes found
Score Distribution
Percent of People with Each Score
Percentile by Number Answered
Your Score History
You have not taken this quiz